[Event "II C.to Italiano U21"]
[Site "Rimini ITA"]
[Date "1994.07.??"]
[Round "?"]
[White "Mascellani, Marco"]
[Black "Bartolini, Tommaso"]
[Result "1/2-1/2"]
[WhiteElo "1869"]
[BlackElo "2090"]
[PlyCount "97"]
[EventDate "1994.07.??"]

1. e4 c5 2. Nf3 Nc6 3. d4 cxd4 4. Nxd4 e5 5. Nb5 d6 6. Bc4 Be7 7. O-O a6 8.
N5c3 Nf6 9. Bg5 O-O 10. Bxf6 Bxf6 11. a4 Be6 12. Nd5 Rc8 13. Nbc3 Nd4 14. Bd3
Bg5 15. Kh1 Bh6 16. f4 Bxd5 17. Nxd5 exf4 18. Nxf4 Bxf4 19. Rxf4 Ne6 20. Rf1
Qh4 21. Qf3 Nd4 22. Qf2 Qxf2 23. Rxf2 Ne6 24. c3 Nc5 25. Bc2 Rfe8 26. Re1 g6
27. h3 Re5 28. Rd2 Rce8 29. Rxd6 Nxe4 30. Bxe4 Rxe4 31. Rxe4 Rxe4 32. Rd7 b5
33. a5 b4 34. Rd6 bxc3 35. bxc3 Rc4 36. Rxa6 Rxc3 37. Rb6 Ra3 38. a6 h5 39. Kg1
Ra2 40. Kh2 h4 41. Rc6 Ra1 42. Rb6 Kg7 43. Rc6 g5 44. Rb6 f6 45. Rb7+ Kg6 46.
a7 f5 47. Rb6+ Kh5 48. Rf6 Rxa7 49. Rxf5 1/2-1/2

[Event "II C.to Italiano U21"]
[Site "Rimini ITA"]
[Date "1994.07.??"]
[Round "?"]
[White "Mascellani, Marco"]
[Black "Giordani, Marco"]
[Result "0-1"]
[WhiteElo "1869"]
[BlackElo "2034"]
[PlyCount "63"]
[EventDate "1994.07.??"]

1. e4 c5 2. Nf3 d6 3. d4 cxd4 4. Qxd4 Nc6 5. Bb5 Bd7 6. Bxc6 bxc6 7. c4 Nf6 8.
O-O e5 9. Qd3 Be7 10. Bg5 Qc7 11. Nc3 Be6 12. Nd2 Rd8 13. Bxf6 Bxf6 14. Rfe1 g6
15. Nf1 Bg5 16. Rad1 O-O 17. Ng3 f5 18. exf5 gxf5 19. Kh1 e4 20. Qe2 Qf7 21. b3
d5 22. cxd5 cxd5 23. f3 d4 24. Ncxe4 fxe4 25. fxe4 Be3 26. Qb5 Qg6 27. Rd3 Rc8
28. Nf1 Rc2 29. Nxe3 dxe3 30. Rg1 Rxg2 31. Rdd1 e2 32. Rc1 0-1

[Event "II C.to Italiano U21"]
[Site "Rimini ITA"]
[Date "1994.07.??"]
[Round "?"]
[White "Mascellani, Marco"]
[Black "Mola, Pietro"]
[Result "1/2-1/2"]
[WhiteElo "1869"]
[BlackElo "2175"]
[PlyCount "40"]
[EventDate "1994.07.??"]

1. e4 c5 2. Nf3 d6 3. d4 cxd4 4. Nxd4 Nf6 5. Nc3 a6 6. Be2 e6 7. Be3 Nbd7 8. a3
Be7 9. O-O O-O 10. Qe1 Nc5 11. f3 Qc7 12. Rd1 b5 13. Kh1 Rb8 14. Bc1 Bb7 15.
Bd3 Nxd3 16. Rxd3 Ba8 17. Qg3 Kh8 18. Rfd1 b4 19. axb4 Rxb4 20. Nce2 Bc6
1/2-1/2

[Event "II C.to Italiano U21"]
[Site "Rimini ITA"]
[Date "1994.07.??"]
[Round "?"]
[White "Mazzei, Alessandro"]
[Black "De Val, Daniele"]
[Result "1/2-1/2"]
[WhiteElo "1917"]
[BlackElo "1723"]
[PlyCount "51"]
[EventDate "1994.07.??"]

1. d4 Nf6 2. c4 d6 3. Nc3 e5 4. dxe5 dxe5 5. Qxd8+ Kxd8 6. Nf3 Nfd7 7. Bd2 c6
8. g4 f6 9. h4 h5 10. g5 a5 11. O-O-O Kc7 12. Bh3 Nc5 13. Bxc8 Kxc8 14. gxf6
gxf6 15. Rhg1 Nbd7 16. b3 Kc7 17. Ne1 Ne6 18. Nc2 Ndc5 19. Ne3 Nd4 20. Kb2 b6
21. Rg6 Be7 22. f3 Rad8 23. Nc2 Nf5 24. Be1 Rxd1 25. Nxd1 Ne6 26. e3 1/2-1/2

[Event "II C.to Italiano U21"]
[Site "Rimini ITA"]
[Date "1994.07.??"]
[Round "?"]
[White "Mazzei, Alessandro"]
[Black "Sardo, Andrea"]
[Result "1-0"]
[WhiteElo "1917"]
[BlackElo "1725"]
[PlyCount "85"]
[EventDate "1994.07.??"]

1. d4 Nf6 2. c4 e6 3. Nc3 Bb4 4. e3 c5 5. a3 Bxc3+ 6. bxc3 O-O 7. Bd3 Nc6 8.
Ne2 b6 9. e4 Ne8 10. O-O Ba6 11. Be3 d6 12. f4 f5 13. d5 exd5 14. cxd5 Bxd3 15.
Qxd3 fxe4 16. Qxe4 Ne7 17. c4 Ng6 18. Rae1 Nf6 19. Qc2 Ng4 20. Bc1 Re8 21. f5
N6e5 22. h3 Nf6 23. Nf4 Re7 24. Ne6 Qc8 25. Bb2 Qa6 26. Rf4 Rb8 27. a4 Qb7 28.
Bxe5 dxe5 29. Rxe5 a6 30. Kh1 Rc8 31. Rf1 Qb8 32. Ree1 Rb7 33. Rd1 b5 34. axb5
axb5 35. d6 b4 36. Qb2 Rd7 37. Qe5 Rc6 38. Nxc5 Rdxd6 39. Ne6 Qb6 40. c5 Rxd1
41. Rxd1 Qa7 42. Rd8+ Kf7 43. Ng5# 1-0

[Event "II C.to Italiano U21"]
[Site "Rimini ITA"]
[Date "1994.07.??"]
[Round "?"]
[White "Mola, Pietro"]
[Black "Bartolini, Tommaso"]
[Result "1/2-1/2"]
[WhiteElo "2175"]
[BlackElo "2090"]
[PlyCount "24"]
[EventDate "1994.07.??"]

1. e4 c5 2. Nf3 d6 3. Bb5+ Nc6 4. O-O Bd7 5. Re1 Nf6 6. h3 a6 7. Bf1 g6 8. c3
Bg7 9. d4 cxd4 10. cxd4 O-O 11. Nc3 Re8 12. Bg5 b5 1/2-1/2

[Event "II C.to Italiano U21"]
[Site "Rimini ITA"]
[Date "1994.07.??"]
[Round "?"]
[White "Mola, Pietro"]
[Black "Mazzei, Alessandro"]
[Result "1/2-1/2"]
[WhiteElo "2175"]
[BlackElo "1917"]
[PlyCount "63"]
[EventDate "1994.07.??"]

1. e4 c5 2. Nf3 e6 3. c3 d5 4. exd5 exd5 5. d4 Nc6 6. Bb5 Bd6 7. O-O Nge7 8.
dxc5 Bxc5 9. Nbd2 O-O 10. Nb3 Bd6 11. Bg5 f6 12. Bh4 Bg4 13. Bg3 Ne5 14. Be2
Qc7 15. Nbd4 Bd7 16. Qb3 a6 17. Rad1 Rad8 18. Rfe1 Kh8 19. Qc2 Rf7 20. Bd3 g6
21. Be2 Kg7 22. Qc1 h5 23. Nxe5 fxe5 24. Nf3 Bc6 25. Qg5 Nf5 26. Nh4 Nxh4 27.
Bxh4 Be7 28. Qg3 Bxh4 29. Qxh4 Qe7 30. Qg3 Kh6 31. b4 e4 32. Qe3+ 1/2-1/2

[Event "II C.to Italiano U21"]
[Site "Rimini ITA"]
[Date "1994.07.??"]
[Round "?"]
[White "Oberrauch, Martin"]
[Black "Isonzo, David"]
[Result "1/2-1/2"]
[WhiteElo "1600"]
[BlackElo "2124"]
[PlyCount "55"]
[EventDate "1994.07.??"]

1. Nf3 Nf6 2. g3 g6 3. Bg2 Bg7 4. c4 O-O 5. O-O d6 6. Nc3 e5 7. d3 Nc6 8. a3 a5
9. Qc2 Nh5 10. Rb1 f5 11. b4 axb4 12. axb4 h6 13. b5 Ne7 14. Bb2 g5 15. Nd2 f4
16. Nd5 Kh8 17. Nxe7 Qxe7 18. Ra1 Rxa1 19. Bxa1 Nf6 20. Ne4 Nxe4 21. Bxe4 h5
22. gxf4 exf4 23. Bxg7+ Kxg7 24. Qc3+ Kh6 25. Qd4 b6 26. Ra1 Qg7 27. Qxg7+ Kxg7
28. Kg2 1/2-1/2

[Event "II C.to Italiano U21"]
[Site "Rimini ITA"]
[Date "1994.07.??"]
[Round "?"]
[White "Oberrauch, Martin"]
[Black "Mazzei, Alessandro"]
[Result "1-0"]
[WhiteElo "1600"]
[BlackElo "1917"]
[PlyCount "70"]
[EventDate "1994.07.??"]

1. Nf3 g6 2. g3 Bg7 3. Bg2 d6 4. c4 e5 5. Nc3 Nc6 6. O-O f5 7. d3 Nf6 8. a3 a5
9. Rb1 O-O 10. Qc2 h6 11. e3 g5 12. Ne2 Nh5 13. b4 axb4 14. axb4 f4 15. b5 Ne7
16. h3 fxg3 17. Nxg3 Qe8 18. Nh2 Nf5 19. Nxf5 Bxf5 20. Qe2 Qg6 21. Rb3 Nf6 22.
Ng4 e4 23. d4 Nd7 24. Ra3 Rxa3 25. Bxa3 h5 26. Nh2 g4 27. hxg4 hxg4 28. Rb1 Rf7
29. Nf1 Nf8 30. Ng3 Nh7 31. Qc2 Ng5 32. Kf1 Nf3 33. Bb2 Qh7 34. Ke2 Qh2 35.
Nxf5 Qxg2 1-0

[Event "II C.to Italiano U21"]
[Site "Rimini ITA"]
[Date "1994.07.??"]
[Round "?"]
[White "Oberrauch, Martin"]
[Black "Tencati, Giuseppe"]
[Result "0-1"]
[WhiteElo "1600"]
[BlackElo "1720"]
[PlyCount "79"]
[EventDate "1994.07.??"]

1. Nf3 Nf6 2. g3 d5 3. c4 c6 4. b3 Bf5 5. Bg2 e6 6. O-O Nbd7 7. Bb2 Be7 8. Nc3
O-O 9. d3 h6 10. Qd2 Bb4 11. a3 Bd6 12. b4 Qe7 13. Rfd1 Ne5 14. e4 dxe4 15.
Nxe5 Bxe5 16. dxe4 Bg4 17. f3 Bh5 18. Ne2 Bxb2 19. Qxb2 e5 20. g4 Bg6 21. Ng3
Rfd8 22. Nf5 Qc7 23. Bf1 Bxf5 24. gxf5 c5 25. Kh1 b6 26. a4 Nh5 27. bxc5 bxc5
28. Rab1 Rdb8 29. Qc3 Rxb1 30. Rxb1 Nf4 31. Qb3 Qa5 32. Rd1 Rd8 33. Kg1 Rxd1
34. Qxd1 Qc3 35. Kf2 a5 36. Kg3 Qe3 37. Bh3 Nd3 38. Kg2 Qf2+ 39. Kh1 Ne1 40. f6
0-1

[Event "II C.to Italiano U21"]
[Site "Rimini ITA"]
[Date "1994.07.??"]
[Round "?"]
[White "Pirpamer, Klaus"]
[Black "Lavieri, Doriano"]
[Result "0-1"]
[WhiteElo "1729"]
[BlackElo "1918"]
[PlyCount "101"]
[EventDate "1994.07.??"]

1. d4 d5 2. c4 c6 3. Bf4 Nf6 4. e3 e6 5. Nc3 Bd6 6. Bg3 Bxg3 7. hxg3 Nbd7 8.
cxd5 exd5 9. Bd3 Qe7 10. Qc2 Nb6 11. Nf3 Be6 12. a3 Nc8 13. b4 a6 14. Na4 Nd6
15. Nc5 Rc8 16. Ne5 Nd7 17. Nexd7 Bxd7 18. Kd2 g6 19. Rh2 Kf8 20. Rah1 Kg7 21.
Rb1 Be6 22. Rhh1 Qf6 23. Ke2 Bg4+ 24. f3 Bf5 25. Bxf5 Nxf5 26. Rhe1 Qg5 27. Kf2
Qxg3+ 28. Kf1 Qg5 29. Rb3 Rhe8 30. Qd2 Nd6 31. Qd3 Rc7 32. e4 Rce7 33. e5 Nc4
34. Re2 h5 35. Rb1 h4 36. Rbe1 Rh8 37. e6 f6 38. Nd7 h3 39. g4 h2 40. Kg2 Qh4
41. Rh1 Qh3+ 42. Kf2 Rhe8 43. Nc5 Nd6 44. Ke1 Qg3+ 45. Kf1 Rh8 46. Rf2 Qf4 47.
Re2 Rh3 48. Rf2 Nc4 49. Kg2 Rg3+ 50. Kf1 Qc1+ 51. Ke2 0-1

[Event "II C.to Italiano U21"]
[Site "Rimini ITA"]
[Date "1994.07.??"]
[Round "?"]
[White "Pirpamer, Klaus"]
[Black "Mola, Pietro"]
[Result "0-1"]
[WhiteElo "1729"]
[BlackElo "2175"]
[PlyCount "48"]
[EventDate "1994.07.??"]

1. d4 Nf6 2. c4 g6 3. Nc3 Bg7 4. e4 d6 5. f3 O-O 6. Be3 c5 7. d5 e6 8. Bd3 exd5
9. cxd5 Re8 10. Nge2 a6 11. a4 Nbd7 12. O-O Ne5 13. Qd2 Bd7 14. Rab1 Qa5 15. b3
b5 16. axb5 axb5 17. Bc2 b4 18. Na4 Bxa4 19. bxa4 Nc4 20. Qd3 Nxd5 21. Bc1 Ndb6
22. Bb3 Ne5 23. Qxd6 Rad8 24. Qc7 Rd7 0-1

[Event "II C.to Italiano U21"]
[Site "Rimini ITA"]
[Date "1994.07.??"]
[Round "?"]
[White "Pirpamer, Klaus"]
[Black "Sardo, Andrea"]
[Result "1-0"]
[WhiteElo "1729"]
[BlackElo "1725"]
[PlyCount "102"]
[EventDate "1994.07.??"]

1. d4 Nf6 2. c4 e6 3. Nf3 b6 4. Nc3 Bb4 5. Bg5 h6 6. Bh4 g5 7. Bg3 Ne4 8. Qc2
Bxc3+ 9. bxc3 Nxg3 10. hxg3 Bb7 11. e4 d6 12. Bd3 Nd7 13. Qd2 g4 14. Nh2 Nf6
15. Qf4 Qe7 16. Nxg4 Nxg4 17. Qxg4 O-O-O 18. O-O-O Rdg8 19. Qe2 Qg5+ 20. Kb2
Qe7 21. g4 Rg5 22. f3 Ra5 23. Ka1 d5 24. cxd5 exd5 25. e5 c5 26. Qc2 c4 27.
Bf5+ Kc7 28. Rhe1 Bc6 29. Qd2 Rb5 30. Qc1 Bd7 31. Bxd7 Qxd7 32. Qf4 Kb7 33. Qf6
Re8 34. Rd2 Re6 35. Qf5 Qe7 36. Rb1 Ra5 37. Rb4 Ka6 38. Rd1 Rb5 39. Rxb5 Kxb5
40. Kb2 Qh4 41. Qc2 a5 42. Rb1 Ka6 43. a4 Re7 44. Ka3 Rb7 45. Qb2 Ka7 46. Qb5
Qf2 47. Qb2 Qe3 48. Qc1 Qe2 49. Rb2 Qd3 50. Rd2 Qg6 51. Qd1 Qe6 1-0

[Event "II C.to Italiano U21"]
[Site "Rimini ITA"]
[Date "1994.07.??"]
[Round "?"]
[White "Sardo, Andrea"]
[Black "Bednarich, Jan"]
[Result "1/2-1/2"]
[WhiteElo "1725"]
[BlackElo "1947"]
[PlyCount "72"]
[EventDate "1994.07.??"]

1. c4 Nf6 2. Nc3 e6 3. g3 c5 4. Bg2 Nc6 5. e4 d6 6. d3 Be7 7. Nge2 a6 8. O-O
Rb8 9. b3 O-O 10. Bb2 b5 11. h3 Qc7 12. f4 Rd8 13. Qe1 Nb4 14. Rd1 Bd7 15. g4
Be8 16. Ng3 Nd7 17. Nh5 Nc2 18. Qg3 Nd4 19. Rf2 g6 20. Bh1 gxh5 21. gxh5+ Kf8
22. Rg2 Bf6 23. Re1 Ke7 24. Nd5+ exd5 25. exd5+ Ne5 26. fxe5 dxe5 27. Bxd4 cxd4
28. Rc2 Qc5 29. b4 Qxb4 30. c5 Rd7 31. Rxe5+ Kf8 32. Re1 Re7 33. Rxe7 Bxe7 34.
Rg2 Bxc5 35. Qg7+ Ke7 36. Re2+ Kd7 1/2-1/2

[Event "II C.to Italiano U21"]
[Site "Rimini ITA"]
[Date "1994.07.??"]
[Round "?"]
[White "Sardo, Andrea"]
[Black "Maio, Matteo"]
[Result "1/2-1/2"]
[WhiteElo "1725"]
[BlackElo "1771"]
[PlyCount "73"]
[EventDate "1994.07.??"]

1. e4 c6 2. d3 d5 3. Nd2 e5 4. Ngf3 Bd6 5. g3 Be6 6. Bg2 Nd7 7. O-O f6 8. Re1
d4 9. c3 c5 10. c4 Ne7 11. Nh4 Qc7 12. Nf5 O-O-O 13. Nxg7 Bf7 14. Bh3 Rhg8 15.
Ne6 Bxe6 16. Bxe6 Rg7 17. Nb3 Ng6 18. Bd2 Re8 19. Bd5 b6 20. Bh6 Rge7 21. Nd2
Nh8 22. Qh5 Rd8 23. a4 Nf8 24. Qf5+ Nd7 25. a5 Kb8 26. Nb3 Nf7 27. Bd2 Qc8 28.
axb6 Nxb6 29. Na5 Nxd5 30. cxd5 Rc7 31. Qxf6 Rdd7 32. Nc6+ Ka8 33. Ra2 Qg8 34.
Rea1 Rb7 35. Ba5 Bc7 36. Bxc7 Rbxc7 37. Nxe5 1/2-1/2

[Event "II C.to Italiano U21"]
[Site "Rimini ITA"]
[Date "1994.07.??"]
[Round "?"]
[White "Schacher, Gerd"]
[Black "Calavalle, Giulio"]
[Result "1-0"]
[WhiteElo "2215"]
[BlackElo "1708"]
[PlyCount "83"]
[EventDate "1994.07.??"]

1. c4 f5 2. Nc3 e6 3. Nf3 Nf6 4. g3 Be7 5. Bg2 d6 6. O-O O-O 7. Rb1 e5 8. d3 c6
9. c5 d5 10. Nxe5 Bxc5 11. d4 Be7 12. b4 Nbd7 13. Qb3 Kh8 14. Nd3 b5 15. a4 a6
16. Ra1 Nb6 17. axb5 axb5 18. Rxa8 Nxa8 19. Nc5 Nb6 20. Bg5 Nc4 21. Ra1 Ne4 22.
Bxe7 Qxe7 23. e3 g5 24. Qc2 h5 25. Re1 g4 26. Ne2 Nxf2 27. Nf4 Kh7 28. Qxf2 Nd6
29. Nxh5 Ne4 30. Bxe4 dxe4 31. Nf4 Qf7 32. Qc2 Rh8 33. Ra1 Bd7 34. Ra7 Rd8 35.
Qb3 Qxb3 36. Nxb3 Kg8 37. Nc5 Be8 38. Nfe6 Rc8 39. Nb7 Bh5 40. Nd6 Rb8 41. Nxf5
Re8 42. Nfg7 1-0

[Event "II C.to Italiano U21"]
[Site "Rimini ITA"]
[Date "1994.07.??"]
[Round "?"]
[White "Schacher, Gerd"]
[Black "Giordani, Marco"]
[Result "0-1"]
[WhiteElo "2215"]
[BlackElo "2034"]
[PlyCount "85"]
[EventDate "1994.07.??"]

1. c4 Nf6 2. Nc3 e6 3. Nf3 d5 4. d4 Bb4 5. Bg5 Nbd7 6. cxd5 exd5 7. e3 O-O 8.
Bd3 c6 9. O-O Re8 10. Qc2 Nf8 11. a3 Be7 12. b4 Ne4 13. Bxe7 Qxe7 14. b5 Nxc3
15. Qxc3 cxb5 16. Bxb5 Bd7 17. Rab1 Rec8 18. Qd3 Rc7 19. Rfc1 Rxc1+ 20. Rxc1
Bxb5 21. Qxb5 Qxa3 22. Rf1 Rb8 23. Qxd5 Ne6 24. Ne5 Qe7 25. Rb1 Rc8 26. g3 b6
27. h4 Qc7 28. Kg2 Rd8 29. Qf3 a5 30. Nc6 Rd6 31. d5 Nc5 32. e4 f6 33. Nd4 Rd8
34. h5 Re8 35. h6 Qe5 36. Nc6 Qxe4 37. Qxe4 Nxe4 38. Rxb6 Ra8 39. f3 Ng5 40.
hxg7 Kxg7 41. Rb7+ Kg8 42. d6 a4 43. d7 0-1

[Event "II C.to Italiano U21"]
[Site "Rimini ITA"]
[Date "1994.07.??"]
[Round "?"]
[White "Schacher, Gerd"]
[Black "Pirpamer, Klaus"]
[Result "1-0"]
[WhiteElo "2215"]
[BlackElo "1729"]
[PlyCount "49"]
[EventDate "1994.07.??"]

1. c4 c5 2. Nc3 b6 3. Nf3 Bb7 4. g3 Nc6 5. Bg2 Nf6 6. O-O g6 7. Ne5 Qc7 8. Nxc6
Bxc6 9. Bxc6 Qxc6 10. d4 cxd4 11. Qxd4 Bg7 12. Nd5 Rc8 13. Rd1 d6 14. Bg5 Nh5
15. Qe3 e6 16. Ne7 Qc7 17. Nxc8 Qxc8 18. Rxd6 O-O 19. Be7 Re8 20. Rad1 Bf6 21.
Bxf6 Nxf6 22. Qe5 Ng4 23. Qg5 Qxc4 24. R6d4 Qxe2 25. Qxg4 1-0

[Event "II C.to Italiano U21"]
[Site "Rimini ITA"]
[Date "1994.07.??"]
[Round "?"]
[White "Tencati, Giuseppe"]
[Black "Giordani, Marco"]
[Result "1-0"]
[WhiteElo "1720"]
[BlackElo "2034"]
[PlyCount "77"]
[EventDate "1994.07.??"]

1. Nf3 Nf6 2. c4 e6 3. d4 b6 4. Nc3 Bb7 5. Bg5 Be7 6. e3 O-O 7. Qc2 d5 8. cxd5
Nxd5 9. Bxe7 Qxe7 10. Rc1 Nd7 11. Nxd5 exd5 12. Bd3 h6 13. Bf5 c5 14. O-O c4
15. Qa4 Rfd8 16. b3 a6 17. bxc4 dxc4 18. Bxd7 Rxd7 19. Qxc4 Bd5 20. Qe2 b5 21.
Rfd1 Qa3 22. Rc2 Be4 23. Rc5 b4 24. Ne5 Rb7 25. Nc4 Qa4 26. Nd6 Re7 27. Nxe4
Rxe4 28. Rdc1 Re7 29. Qc4 a5 30. h3 Qd7 31. d5 Kf8 32. Qd4 f6 33. d6 Re6 34.
Rd5 Rd8 35. Rc7 Qe8 36. Qc5 Kg8 37. d7 Qf8 38. Rc8 Re7 39. Rxd8 1-0

[Event "II C.to Italiano U21"]
[Site "Rimini ITA"]
[Date "1994.07.??"]
[Round "?"]
[White "Tencati, Giuseppe"]
[Black "Isonzo, David"]
[Result "1/2-1/2"]
[WhiteElo "1720"]
[BlackElo "2124"]
[PlyCount "80"]
[EventDate "1994.07.??"]

1. Nf3 Nf6 2. c4 g6 3. d4 Bg7 4. Nc3 d6 5. e4 O-O 6. Be2 e5 7. d5 a5 8. O-O Na6
9. Ne1 Nc5 10. f3 Nh5 11. Nd3 Nxd3 12. Bxd3 Nf4 13. Kh1 f5 14. Be3 Nxd3 15.
Qxd3 f4 16. Bg1 b6 17. b3 g5 18. a3 g4 19. b4 g3 20. Rfc1 Rf6 21. c5 bxc5 22.
bxc5 Rh6 23. Qd1 Rh5 24. a4 Qf6 25. Ra2 Qh6 26. h3 dxc5 27. Rd2 Ra6 28. Nb5 Rg6
29. Rxc5 Bxh3 30. gxh3 Rxh3+ 31. Kg2 Rh2+ 32. Kf1 Qh3+ 33. Ke1 Rh1 34. Ke2 Qg2+
35. Kd3 Rxg1 36. Rxg2 Rxd1+ 37. Ke2 Ra1 38. Rxc7 Bf8 39. Rc8 Ra2+ 40. Kf1 Ra1+
1/2-1/2

[Event "II C.to Italiano U21"]
[Site "Rimini ITA"]
[Date "1994.07.??"]
[Round "?"]
[White "Tencati, Giuseppe"]
[Black "Schacher, Gerd"]
[Result "1-0"]
[WhiteElo "1720"]
[BlackElo "2215"]
[PlyCount "61"]
[EventDate "1994.07.??"]

1. Nf3 Nf6 2. c4 g6 3. Nc3 c5 4. g3 Bg7 5. Bg2 O-O 6. O-O Nc6 7. d3 a6 8. Be3
d6 9. h3 Rb8 10. a4 e5 11. Nd2 Nh5 12. Nb3 f5 13. Kh2 Nd4 14. Bd2 f4 15. Nxd4
cxd4 16. Nd5 Kh8 17. Qc1 Be6 18. b4 Rc8 19. Qa3 Rb8 20. b5 Qd7 21. Bb4 Rfd8 22.
Rfc1 Bxd5 23. Bxd5 fxg3+ 24. fxg3 e4 25. Bxe4 Be5 26. Rg1 Qe7 27. Be1 Rf8 28.
Qc1 Qh4 29. Bf3 Nf4 30. gxh4 Nxe2+ 31. Kg2 1-0

[Event "Torneo A"]
[Site "Corsico ITA"]
[Date "1994.04.22"]
[Round "1"]
[White "Gaggino, Davide"]
[Black "Amedeo, Riccardo"]
[WhiteElo "1600"]
[BlackElo "1783"]
[Result "0-1"]
[PlyCount "88"]
[EventDate "1994.04.22"]

1. d4 Nf6 2. Nf3 g6 3. Bg5 Bg7 4. Nbd2 O-O 5. e3 d6 6. Bd3 Nc6 7. c3 e5 8. O-O
Re8 9. Ne4 h6 10. Bxf6 Bxf6 11. d5 Nb8 12. Nxf6+ Qxf6 13. e4 Qg7 14. Nd2 f5 15.
c4 f4 16. f3 Nd7 17. b4 g5 18. h3 h5 19. Rf2 Nf6 20. Kf1 g4 21. hxg4 hxg4 22.
Ke1 Kf7 23. Nf1 Bd7 24. Kd2 a5 25. a3 axb4 26. axb4 g3 27. Re2 Qf8 28. Ke1 Qh8
29. Rea2 Rxa2 30. Rxa2 Qh1 31. Qe2 Rh8 32. Kd2 Rh2 33. Kc3 Qg1 34. Rb2 Bh3 35.
Nxh2 gxh2 36. Rb1 Bxg2 37. Qd1 Qd4+ 38. Kc2 h1=Q 39. Qxh1 Bxh1 40. Rxh1 Qf2+
41. Kc3 Qxf3 42. Rf1 Nxe4+ 43. Kc2 Qe3 44. c5 Qd2+ 0-1

[Event "Torneo A"]
[Site "Corsico ITA"]
[Date "1994.04.22"]
[Round "1"]
[White "Marzano, Carlo"]
[Black "Ottolini, Graziano"]
[Result "1-0"]
[WhiteElo "2210"]
[BlackElo "1767"]
[PlyCount "59"]
[EventDate "1994.04.22"]

1. d4 Nf6 2. Nf3 g6 3. c4 Bg7 4. Nc3 d5 5. cxd5 Nxd5 6. e4 Nxc3 7. bxc3 c5 8.
Be3 O-O 9. Rc1 Qa5 10. Qd2 Nc6 11. d5 Rd8 12. Bd3 Bg4 13. h3 Bxf3 14. gxf3 c4
15. Bxc4 Rac8 16. Be2 Qa3 17. O-O Ne5 18. c4 Qa4 19. c5 f5 20. Qc2 Qxc2 21.
Rxc2 Kf7 22. Rd1 e6 23. Bg5 Bf6 24. Bxf6 Kxf6 25. f4 exd5 26. fxe5+ Kxe5 27.
exd5 b6 28. c6 Rc7 29. d6 Rxd6 30. f4+ 1-0

[Event "Torneo A"]
[Site "Corsico ITA"]
[Date "1994.04.23"]
[Round "2"]
[White "Candura, Stefano"]
[Black "Rizzuti, Pasquale"]
[WhiteElo "1681"]
[BlackElo "1882"]
[Result "0-1"]
[PlyCount "86"]
[EventDate "1994.04.22"]

1. e4 c5 2. Nf3 d6 3. d4 cxd4 4. Nxd4 Nf6 5. Nc3 a6 6. a4 e5 7. Nf3 Be6 8. Bg5
Be7 9. Nd2 Nbd7 10. Bc4 Rc8 11. Bb3 O-O 12. O-O Nc5 13. Bxe6 fxe6 14. Qe2 h6
15. Bh4 Rc6 16. Bg3 Qe8 17. Nb3 Nh5 18. Nxc5 Rxc5 19. Qg4 Qf7 20. Bh4 g5 21. f3
Nf4 22. Rfe1 Kh7 23. Bf2 h5 24. Qg3 Rcc8 25. Bb6 Rg8 26. h3 Rg6 27. Qh2 h4 28.
Kh1 d5 29. Rac1 Bb4 30. Red1 Bxc3 31. bxc3 Rxc3 32. Rd2 d4 33. Qg1 Nh5 34. Rd3
Ng3+ 35. Kh2 Qf4 36. Qe1 Rxd3 37. Rb1 Rd2 38. Ba5 Ne2+ 39. Kh1 Rxc2 40. Rxb7+
Rg7 41. Rb1 Rc1 42. Rxc1 Qxc1 43. Qxc1 Nxc1 0-1

[Event "Torneo A"]
[Site "Corsico ITA"]
[Date "1994.04.23"]
[Round "2"]
[White "Cappello, Guido"]
[Black "Turturici, Pellegrino"]
[Result "1-0"]
[WhiteElo "2270"]
[BlackElo "1914"]
[PlyCount "107"]
[EventDate "1994.04.22"]

1. e4 c5 2. Nf3 d6 3. d4 cxd4 4. Nxd4 Nf6 5. Nc3 a6 6. Bg5 Qa5 7. Qd2 Nc6 8.
Nb3 Qd8 9. O-O-O h6 10. Be3 e6 11. f3 Be7 12. g4 Ne5 13. Be2 Qc7 14. h4 b5 15.
g5 Nh5 16. Rdg1 hxg5 17. hxg5 Nc4 18. Bxc4 bxc4 19. Nd4 g6 20. Nde2 Rg8 21. Nf4
Nxf4 22. Bxf4 Bb7 23. Be3 Bc6 24. Qd4 Bd7 25. f4 O-O-O 26. Rh7 e5 27. Qd5 Be6
28. Qa8+ Kd7 29. Qxa6 Ra8 30. Qb5+ Qc6 31. f5 gxf5 32. exf5 Bxf5 33. Qxc6+ Kxc6
34. Rxf7 Bxg5 35. Rxg5 Rxg5 36. Bxg5 Be6 37. Rf6 Bg4 38. b3 cxb3 39. axb3 Rg8
40. Be3 Re8 41. b4 Re6 42. b5+ Kd7 43. Nd5 Be2 44. Rf7+ Ke8 45. Rf2 Bxb5 46.
Nc7+ Ke7 47. Nxb5 d5 48. Bg5+ Kd7 49. Nc3 d4 50. Ne4 Kc6 51. Kd2 Kd5 52. Kd3
Rc6 53. Rf6 Rc7 54. Rd6# 1-0

[Event "Torneo A"]
[Site "Corsico ITA"]
[Date "1994.04.23"]
[Round "2"]
[White "Fasoli, Stefano"]
[Black "Raschella, Mario"]
[WhiteElo "1729"]
[BlackElo "1723"]
[Result "1-0"]
[PlyCount "47"]
[EventDate "1994.04.22"]

1. d4 Nf6 2. Nc3 g6 3. e4 d6 4. Bc4 Bg7 5. Qe2 Nc6 6. Nf3 O-O 7. e5 dxe5 8.
dxe5 Nd7 9. Bf4 e6 10. Bg5 Ne7 11. O-O-O h6 12. Bf6 a6 13. Ne4 Qe8 14. Qd2 Nc6
15. Bxg7 Kxg7 16. Nf6 Nxf6 17. exf6+ Kh7 18. h4 Rh8 19. h5 Qf8 20. hxg6+ fxg6
21. Qxh6+ Qxh6+ 22. Rxh6+ Kg8 23. f7+ Kg7 24. Rxh8 1-0

[Event "Torneo A"]
[Site "Corsico ITA"]
[Date "1994.04.23"]
[Round "2"]
[White "Gandolfi, Gianfranco"]
[Black "Gazzarri, Alberto"]
[WhiteElo "1716"]
[BlackElo "1984"]
[Result "1-0"]
[PlyCount "49"]
[EventDate "1994.04.22"]

1. e4 e5 2. Nf3 Nc6 3. d4 exd4 4. Bc4 Nf6 5. e5 d5 6. Bb5 Ne4 7. Nxd4 Bd7 8.
Bxc6 bxc6 9. O-O Bc5 10. f3 Ng5 11. f4 Ne4 12. c3 Qe7 13. Nd2 Nxd2 14. Bxd2 O-O
15. Qf3 f6 16. Qg3 Rae8 17. Rae1 fxe5 18. Rxe5 Qf6 19. Rfe1 Rb8 20. b3 Bd6 21.
Rg5 Rf7 22. Nf3 Bxf4 23. Bxf4 Qxf4 24. Rxg7+ Kh8 25. Qxf4 1-0

[Event "Torneo A"]
[Site "Corsico ITA"]
[Date "1994.04.23"]
[Round "2"]
[White "Tarek, Youssef"]
[Black "Marzano, Carlo"]
[Result "1-0"]
[WhiteElo "1698"]
[BlackElo "2210"]
[PlyCount "86"]
[EventDate "1994.04.22"]

1. d4 d6 2. Nf3 Nc6 3. e3 Bg4 4. h3 Bh5 5. Be2 Nf6 6. c4 e6 7. Nc3 Be7 8. d5
Nb8 9. dxe6 fxe6 10. Ng5 Bxe2 11. Qxe2 Qd7 12. O-O O-O 13. Nge4 Nc6 14. Nxf6+
Bxf6 15. Ne4 Qe7 16. Nxf6+ Qxf6 17. Bd2 Qf5 18. Bc3 e5 19. Qd1 Rae8 20. Qb3 b6
21. c5+ Qe6 22. Qxe6+ Rxe6 23. cxd6 Rxd6 24. Rac1 Kf7 25. Rc2 Ke6 26. f4 g6 27.
Bxe5 Nxe5 28. fxe5 Rxf1+ 29. Kxf1 Rd7 30. b4 Kxe5 31. b5 c5 32. Ke2 h5 33. a4
g5 34. g3 Rc7 35. Rc4 Kd5 36. Kd3 Rf7 37. e4+ Ke5 38. Ke3 g4 39. hxg4 hxg4 40.
a5 Rf3+ 41. Ke2 Rxg3 42. Kf2 Rf3+ 43. Kg2 Rb3 1-0

[Event "Torneo A"]
[Site "Corsico ITA"]
[Date "1994.04.23"]
[Round "2"]
[White "Travasoni, Marco"]
[Black "Mione, Dario"]
[WhiteElo "2046"]
[BlackElo "1633"]
[Result "0-1"]
[PlyCount "50"]
[EventDate "1994.04.22"]

1. f4 d5 2. Nf3 Nf6 3. b3 Qd6 4. e3 Bg4 5. Bb2 Nbd7 6. Be2 Bxf3 7. Bxf3 e5 8.
fxe5 Nxe5 9. O-O h5 10. Qe2 Be7 11. Nc3 a6 12. e4 d4 13. Nd5 Nxd5 14. exd5
O-O-O 15. Bxd4 Bf6 16. Bc3 Rde8 17. Qf2 Kb8 18. Rae1 Rd8 19. Be4 Ng4 20. Qf4
Qc5+ 21. Kh1 Rd6 22. h3 Bxc3 23. dxc3 Rf6 24. Qd2 Nf2+ 25. Kh2 Nxe4 0-1

[Event "Torneo A"]
[Site "Corsico ITA"]
[Date "1994.04.24"]
[Round "3"]
[White "Cravero, Gian Maria"]
[Black "Cappello, Guido"]
[Result "0-1"]
[WhiteElo "1791"]
[BlackElo "2270"]
[PlyCount "32"]
[EventDate "1994.04.22"]

1. e4 e6 2. d4 d5 3. e5 c5 4. c3 Nc6 5. Nf3 Nge7 6. Na3 Nf5 7. Nc2 cxd4 8.
Ncxd4 Nfxd4 9. cxd4 Qb6 10. Bd3 Bd7 11. Bc2 Bb4+ 12. Kf1 Be7 13. a3 h6 14. h4
O-O-O 15. Rh3 g5 16. Rg3 Rdg8 0-1